LDR 00704naa#a2200193#i#450# 001 EN\\bibl\123446 005 20260705235909.7 011 ## _a1994-4683 100 ## _a20230731b2023####ek#y0engy0150####ca 102 ## _aRU 200 1# _aSTUDY OF COPING BEHAVIOR OF MOTHERS IN SUBSTITUTE FAMILIES _eJournal article 210 1# _aMoscow _cNational State University of Physical Education, Sports and Health named after P.F. Lesgaft _d2023 215 ## _a5 с. 608 ## _aJournal article _2local 675 ## _aПрочие вопросы психологии. 159.99 _z 700 #1 _aDanilova _gMargarita Alexandrovna 700 #1 _aKorobko _gEkaterina Vladimirovna 700 #1 _aPanteleymonova _gT S 856 4# _auchzapiski.lesgaft.spb.ru _u